Carnivorans of New York By Latin Name - Statistics

General Stats
  • This quiz has been taken 4 times
  • The average score is 11 of 19
Answer Stats
Hint Answer % Correct
Lynx rufus Bobcat
100%
Lynx canadensis Canadian Lynx
100%
Puma concolor (extirpated) Mountain Lion
100%
Martes americana American Marten
67%
Lontra Canadensis American River Otter
67%
Procyon lotor Common Raccoon
67%
Canis latrans Coyote
67%
Canis lycaon/Canis lupus lycaon Eastern Wolf/Timber Wolf
67%
Urocyon cinereoargenteus Gray Fox
67%
Halichoerus grypus Grey Seal
67%
Phoca vitulina Harbor Seal
67%
Pagophilus groenlandicus Harp Seal
67%
Vulpes vulpes Red Fox
67%
Mephitis mephitis Striped Skunk
67%
Neogale vison American Mink
33%
Pekania pennanti Fisher
33%
Mustela richardsonii American Stoat/American Ermine
0%
Mustela nivalis Least Weasel
0%
Neogale frenata Long-Tailed Weasel
0%
No matching quizzes found
Score Distribution
Percent of People with Each Score
Percentile by Number Answered
Your Score History
You have not taken this quiz